000 00881nas a2200289 4500
001 BR2011000490
003 BR-BrBNA
005 20231205115245.0
007 ta
008 230509b bl.|||p| |||| 00| 00por d
040 _aBR-BrBNA
_bpor
_cBiblioteca Nacional de Agricultura
041 _a(Pt)
072 _aQ04; Q70
100 1 _aMoraes, M.A. de
100 1 _aRosa, G.S. da
100 1 _aPinto, L.A. de A.
245 1 _aIsotermas de equilíbrio para quitina: determinação do calor de dessorção
650 _aANÁLISE QUÍMICA
650 _aTEMPERATURA
650 _aRESÍDUO
650 _aPOLIMERIZAÇÃO
650 _aENERGIA TÉRMICA
650 _aSORÇÃO
773 0 _tBrazilian Journal of Food Technology (Brazil)
_xISSN 1519-0900
_g(Jul-Sep 2007), v. 10(3) p. 212-219
_wBR2011000490
909 _a202311
_bLúcia
_c55
_dLúcia Elande
942 _2AGRIS
_n0
_cANA
999 _c212867
_d212867